00760 2200265 4500001002100000005001700021008004100038020002200079035002400101040001200125041000800137082001600145084001600161090002000177100001600197245008500213250001100298260004500309300003700354504002700391650002200418700002000440850001200460990002200472INLIS00000000002925320170714135707.0  a978-602-9025-67-5 0010-071700000000423 aYOPDYOG0 aind042[23]a004.6 a004.6 Ron P aDEP 004.6 Ron P0 aRONALD BUDI1 aPraktik membuat jaringan LAN dan wirelesc/ Ronald Budi; editor, Erik R. Prabowo aCet. 1 aYogyakartabSkripta Media Creativec2013 axii, 115 hlm.b: ilus.c; 29 cm. aBibliografi : hlm. 115 4aJaringan Komputer0 aErik R. Prabowo aYOPDYOG aCB-D.11/2013-2588